000 00537ntaaa2200205 4500
003 01
005 20251027201940.0
008 0714s1973 ag 01
040 _aAR-BaBN
_bspa
_cAR-BaBN
_eaacr
_dRIC
082 _a245.5000 M34
100 _aMarrero, J. Espada
_916743
245 _aEs Navidad! Poemas y dramatizaciones.
250 _a1 ed.
260 _aEl Paso :
_bCBP,
_c1964
300 _a80 p.
650 _aPoesías-Navidad
_918071
650 _aNavidad-Poesías
_916475
650 _aDramatizaciones-Navidad
_918072
942 _cBK
999 _c14215
_d14215